LEADER 00901nam0-2200277 --450 001 9911064223403321 005 20260226104537.0 010 $a978-88-548-7021-5 100 $a20260226d2014----kmuy0itay5050 ba 101 0 $aita$aeng 102 $aIT 105 $a 001yy 200 1 $aEllenismi britannici$el'ellenismo nella poesia, nelle arti e nella cultura britannica dagli augustei al romanticismo$fMarco Canani$gprefazione di Francesca Orestano 210 $aRoma$cAracne$d2014 215 $a294 p.$d22 cm 225 1 $aRiverrun$v17 610 0 $aLetteratura inglese$aSec. 18.-19. 610 0 $aLetteratura inglese$aInflussi classici 700 1$aCanani,$bMarco$0743337 801 0$aIT$bUNINA$gREICAT$2UNIMARC 901 $aBK 912 $a9911064223403321 952 $a820.9008 CANM 01$b2024/10163$fFLFBC 959 $aFLFBC 996 $aEllenismi britannici$94545156 997 $aUNINA